[Event "Wolrd Chess Olympiad 2018"]
[Site "Batumi"]
[Date "2018.09.24"]
[Round "1"]
[Board "3"]
[WhiteFideId "32500173"]
[White "Mohamed Ali Dima"]
[BlackFideId "6405096"]
[Black "Guzman Christopher"]
[Result "0-1"]
[LiveChessVersion "1.4.8"]
[BlackElo "2283"]
[WhiteElo "1576"]

1. e4 {[%clk 1:28:28]} e5 {[%clk 1:29:18]} 2. Bc4 {[%clk 1:28:38]} Nc6
{[%clk 1:29:02]} 3. c3 {[%clk 1:28:37]} Nf6 {[%clk 1:29:25]} 4. d3
{[%clk 1:28:04]} Na5 {[%clk 1:27:16]} 5. Bb3 {[%clk 1:28:04]} Nxb3
{[%clk 1:27:39]} 6. Qxb3 {[%clk 1:28:06]} Be7 {[%clk 1:27:54]} 7. Nf3
{[%clk 1:28:08]} d6 {[%clk 1:28:22]} 8. Be3 O-O 9. Nbd2 {[%clk 1:24:35]} b6
{[%clk 1:27:44]} 10. h3 {[%clk 1:24:41]} Bb7 {[%clk 1:27:15]} 11. Qc2
{[%clk 1:24:02]} Re8 {[%clk 1:27:40]} 12. g4 {[%clk 1:23:30]} Bf8
{[%clk 1:27:35]} 13. Nf1 {[%clk 1:23:35]} d5 {[%clk 1:27:56]} 14. O-O-O
{[%clk 1:22:02]} c5 {[%clk 1:28:20]} 15. Kb1 {[%clk 1:21:19]} dxe4
{[%clk 1:27:29]} 16. Ng5 {[%clk 1:20:30]} exd3 {[%clk 1:27:23]} 17. Rxd3
{[%clk 1:19:51]} Qc7 {[%clk 1:27:36]} 18. Ng3 {[%clk 1:18:46]} h6
{[%clk 1:27:58]} 19. h4 {[%clk 1:16:03]} Bxh1 {[%clk 1:28:10]} 20. Nxh1
{[%clk 1:16:16]} Qc6 {[%clk 1:26:45]} 21. Rd1 {[%clk 1:15:13]} hxg5
{[%clk 1:27:11]} 22. hxg5 {[%clk 1:15:02]} Nd5 {[%clk 1:27:28]} 23. Ng3
{[%clk 1:15:10]} Rad8 {[%clk 1:26:54]} 24. Rh1 {[%clk 1:14:47]} g6
{[%clk 1:27:11]} 25. Ne4 {[%clk 1:14:17]} Nxe3 {[%clk 1:26:56]} 26. fxe3
{[%clk 1:14:17]} Rd2 {[%clk 1:26:51]} 27. Nf6+ {[%clk 1:13:25]} Qxf6
{[%clk 1:27:09]} 28. Qxd2 {[%clk 1:13:29]} Qxg5 {[%clk 1:27:18]} 29. Qh2 Bg7 30.
Qh3 {[%clk 1:08:04]} Rd8 {[%clk 1:27:34]} 31. Rf1 {[%clk 1:07:42]} e4
{[%clk 1:27:49]} 32. Qg3 {[%clk 1:06:10]} Qd5 {[%clk 1:28:17]} 33. a3
{[%clk 1:06:07]} Qd3+ {[%clk 1:28:37]} 34. Ka2 {[%clk 1:06:21]} Qc4+
{[%clk 1:28:53]} 0-1

[Event "Wolrd Chess Olympiad 2018"]
[Site "Batumi"]
[Date "2018.09.24"]
[Round "1"]
[Board "1"]
[WhiteFideId "13801163"]
[White "Taalaibekov Tagir"]
[BlackFideId "19900023"]
[Black "Aw Ousmane"]
[Result "1-0"]
[LiveChessVersion "1.4.8"]
[BlackElo "1880"]
[WhiteElo "2291"]

1. d4 {[%clk 1:30:53]} Nf6 {[%clk 1:25:24]} 2. Nf3 {[%clk 1:31:14]} g6
{[%clk 1:25:33]} 3. Bf4 {[%clk 1:31:37]} Bg7 {[%clk 1:25:10]} 4. Nc3
{[%clk 1:31:58]} d5 {[%clk 1:24:03]} 5. e3 {[%clk 1:31:57]} c6 {[%clk 1:23:56]}
6. Be2 {[%clk 1:31:56]} Qa5 {[%clk 1:22:30]} 7. Qd2 {[%clk 1:28:24]} Bf5
{[%clk 1:17:21]} 8. h4 {[%clk 1:24:37]} h5 {[%clk 1:17:18]} 9. Ne5
{[%clk 1:24:13]} Nbd7 {[%clk 1:09:43]} 10. f3 {[%clk 1:23:39]} Nxe5
{[%clk 1:05:02]} 11. Bxe5 {[%clk 1:23:48]} Qd8 {[%clk 1:00:26]} 12. O-O-O
{[%clk 1:20:12]} a6 {[%clk 1:00:34]} 13. g4 {[%clk 1:14:52]} hxg4
{[%clk 0:59:18]} 14. fxg4 {[%clk 1:15:15]} Be4 {[%clk 0:59:14]} 15. Rh2
{[%clk 1:14:54]} Rh7 {[%clk 0:55:18]} 16. g5 {[%clk 1:14:01]} Nh5
{[%clk 0:46:51]} 17. Bxh5 {[%clk 1:13:08]} Bxe5 {[%clk 0:46:55]} 18. dxe5
{[%clk 1:13:33]} Rxh5 {[%clk 0:45:41]} 19. Nxe4 {[%clk 1:13:56]} dxe4
{[%clk 0:45:40]} 20. Qb4 {[%clk 1:14:14]} Qc7 {[%clk 0:44:44]} 21. Qxe4
{[%clk 1:09:26]} Rd8 {[%clk 0:44:54]} 22. Rxd8+ {[%clk 1:08:41]} Qxd8
{[%clk 0:44:51]} 23. Rd2 {[%clk 1:07:18]} Qc8 {[%clk 0:39:37]} 24. Qd4
{[%clk 1:01:26]} Kf8 {[%clk 0:39:13]} 25. Qd8+ {[%clk 0:41:51]} Qxd8
{[%clk 0:39:26]} 26. Rxd8+ {[%clk 0:42:19]} Kg7 {[%clk 0:39:38]} 27. Rd7
{[%clk 0:42:05]} e6 {[%clk 0:39:15]} 28. Rxb7 {[%clk 0:36:24]} Rxh4
{[%clk 0:39:24]} 29. Rb6 {[%clk 0:36:51]} Re4 {[%clk 0:35:38]} 30. Rxc6
{[%clk 0:35:20]} Rxe5 {[%clk 0:35:42]} 31. Rxa6 {[%clk 0:35:45]} Rxg5
{[%clk 0:35:14]} 32. b4 {[%clk 0:36:01]} Rd5 {[%clk 0:35:26]} 33. Ra5
{[%clk 0:35:17]} Rd7 {[%clk 0:28:27]} 34. Rg5 {[%clk 0:35:41]} Kf6
{[%clk 0:28:28]} 35. Rg3 {[%clk 0:33:56]} g5 {[%clk 0:28:35]} 36. a4
{[%clk 0:33:57]} Kg6 {[%clk 0:27:32]} 37. a5 {[%clk 0:33:41]} f5 {[%clk 0:27:41]}
38. a6 {[%clk 0:32:44]} e5 {[%clk 0:26:15]} 39. b5 {[%clk 0:32:58]} f4
{[%clk 0:25:11]} 40. exf4 {[%clk 1:02:24]} exf4 {[%clk 0:55:30]} 41. Rg1
{[%clk 1:00:54]} Ra7 {[%clk 0:53:34]} 42. Kd2 {[%clk 0:56:56]} Kf5
{[%clk 0:52:10]} 43. Ke2 {[%clk 0:56:42]} g4 {[%clk 0:52:14]} 44. Rb1
{[%clk 0:56:54]} f3+ {[%clk 0:40:16]} 45. Kf2 {[%clk 0:46:44]} Re7
{[%clk 0:34:51]} 46. Kg3 {[%clk 0:46:14]} Rh7 {[%clk 0:17:21]} 47. b6
{[%clk 0:45:40]} Rh3+ {[%clk 0:17:42]} 48. Kf2 {[%clk 0:46:04]} Rh2+
{[%clk 0:18:03]} 49. Ke3 {[%clk 0:46:28]} Re2+ {[%clk 0:06:08]} 50. Kd3
{[%clk 0:46:56]} Re6 {[%clk 0:05:32]} 51. b7 {[%clk 0:46:52]} Rd6+
{[%clk 0:03:27]} 1-0

[Event "Wolrd Chess Olympiad 2018"]
[Site "Batumi"]
[Date "2018.09.24"]
[Round "1"]
[Board "2"]
[WhiteFideId "19900058"]
[White "Gueye Elhadji Gorgui"]
[BlackFideId "13800337"]
[Black "Abdyjapar Asyl"]
[Result "0-1"]
[LiveChessVersion "1.4.8"]
[BlackElo "2372"]
[WhiteElo "2026"]

1. d4 {[%clk 1:25:47]} Nf6 {[%clk 1:30:55]} 2. c4 {[%clk 1:26:11]} e6
{[%clk 1:31:21]} 3. Nc3 {[%clk 1:26:32]} c5 {[%clk 1:31:46]} 4. d5
{[%clk 1:26:50]} exd5 {[%clk 1:32:11]} 5. cxd5 {[%clk 1:27:10]} d6
{[%clk 1:32:37]} 6. e4 {[%clk 1:25:46]} g6 {[%clk 1:32:43]} 7. Bd3
{[%clk 1:25:32]} Bg7 {[%clk 1:33:07]} 8. Nge2 {[%clk 1:25:51]} O-O
{[%clk 1:33:31]} 9. O-O {[%clk 1:26:04]} a6 {[%clk 1:33:57]} 10. a4
{[%clk 1:26:28]} Re8 {[%clk 1:33:41]} 11. f4 {[%clk 1:21:45]} c4 {[%clk 1:30:40]}
12. Bc2 {[%clk 1:18:25]} Qb6+ {[%clk 1:30:41]} 13. Kh1 {[%clk 1:14:20]} Ng4
{[%clk 1:30:54]} 14. Qe1 {[%clk 1:13:53]} Nd7 {[%clk 1:30:50]} 15. h3
{[%clk 1:13:48]} Ne3 {[%clk 1:30:48]} 16. Bxe3 {[%clk 1:14:05]} Qxe3
{[%clk 1:31:12]} 17. Qf2 {[%clk 1:10:32]} Qxf2 {[%clk 1:30:59]} 18. Rxf2
{[%clk 1:11:01]} Nc5 {[%clk 1:30:07]} 19. Rd1 {[%clk 1:09:45]} Bd7
{[%clk 1:30:11]} 20. Nd4 {[%clk 1:06:23]} Nd3 0-1

[Event "Wolrd Chess Olympiad 2018"]
[Site "Batumi"]
[Date "2018.09.24"]
[Round "1"]
[Board "1"]
[WhiteFideId "11900270"]
[White "Marckens Jean Louis"]
[BlackFideId "14300141"]
[Black "Kobese Watu"]
[Result "0-1"]
[LiveChessVersion "1.4.8"]
[BlackElo "2344"]
[WhiteElo "1992"]

1. e4 {[%clk 1:30:57]} e5 {[%clk 1:28:20]} 2. Nf3 {[%clk 1:31:14]} Nc6
{[%clk 1:28:37]} 3. Bb5 {[%clk 1:30:53]} a6 {[%clk 1:28:58]} 4. Ba4
{[%clk 1:30:54]} Nf6 {[%clk 1:29:19]} 5. O-O {[%clk 1:30:35]} Be7
{[%clk 1:29:41]} 6. Nc3 {[%clk 1:30:52]} b5 {[%clk 1:29:04]} 7. Bb3
{[%clk 1:30:49]} O-O {[%clk 1:27:44]} 8. d3 {[%clk 1:30:15]} d6 {[%clk 1:27:30]}
9. Bg5 {[%clk 1:28:35]} Na5 {[%clk 1:24:24]} 10. Nd2 {[%clk 1:25:34]} Nxb3
{[%clk 1:22:56]} 11. axb3 {[%clk 1:24:59]} c6 {[%clk 1:22:11]} 12. h3
{[%clk 1:22:07]} h6 {[%clk 1:17:23]} 13. Bh4 {[%clk 1:20:22]} Be6
{[%clk 1:17:26]} 14. Qe1 {[%clk 1:18:01]} Nh5 {[%clk 1:14:57]} 15. Bxe7
{[%clk 1:15:16]} Qxe7 {[%clk 1:13:56]} 16. Qe3 {[%clk 1:15:12]} c5
{[%clk 1:08:29]} 17. Ne2 {[%clk 1:12:59]} g5 {[%clk 0:58:39]} 18. g4
{[%clk 1:06:52]} Nf4 {[%clk 0:57:04]} 19. Nxf4 {[%clk 1:06:02]} gxf4
{[%clk 0:57:16]} 20. Qe2 {[%clk 1:06:13]} h5 {[%clk 0:53:40]} 21. f3
{[%clk 1:04:29]} Kh7 {[%clk 0:49:04]} 22. Kg2 {[%clk 1:02:14]} Rg8
{[%clk 0:48:40]} 23. Rh1 {[%clk 1:01:33]} a5 {[%clk 0:48:27]} 24. Kf1
{[%clk 1:00:04]} a4 {[%clk 0:48:19]} 25. bxa4 {[%clk 0:55:34]} bxa4
{[%clk 0:47:40]} 26. Qe1 {[%clk 0:55:16]} Rgb8 {[%clk 0:47:22]} 27. b3
{[%clk 0:53:25]} axb3 {[%clk 0:47:13]} 28. Rxa8 {[%clk 0:50:59]} Rxa8
{[%clk 0:47:29]} 29. cxb3 {[%clk 0:50:49]} Ra2 {[%clk 0:42:07]} 30. Rg1
{[%clk 0:48:07]} c4 {[%clk 0:35:11]} 31. bxc4 {[%clk 0:41:10]} Qa7
{[%clk 0:35:15]} 32. Nb3 {[%clk 0:39:38]} hxg4 {[%clk 0:21:11]} 33. hxg4
{[%clk 0:37:46]} Rh2 {[%clk 0:21:24]} 34. Nc1 {[%clk 0:31:28]} Qd4
{[%clk 0:21:16]} 35. Ne2 {[%clk 0:30:37]} Qxd3 {[%clk 0:20:48]} 36. Rg2
{[%clk 0:29:52]} Rh1+ {[%clk 0:18:20]} 37. Rg1 {[%clk 0:29:41]} Qxf3+
{[%clk 0:18:39]} 38. Qf2 {[%clk 0:29:45]} Qxe4 {[%clk 0:18:49]} 39. Rxh1+
{[%clk 0:27:10]} Qxh1+ {[%clk 0:19:05]} 40. Ng1 {[%clk 0:57:30]} Bxc4+
{[%clk 0:48:58]} 41. Ke1 {[%clk 0:57:47]} Qe4+ {[%clk 0:49:03]} 42. Kd2
{[%clk 0:57:06]} Qd3+ {[%clk 0:49:20]} 43. Kc1 {[%clk 0:56:08]} Qf1+
{[%clk 0:49:32]} 44. Qxf1 {[%clk 0:56:10]} Bxf1 {[%clk 0:49:56]} 45. Nf3
{[%clk 0:56:10]} Be2 {[%clk 0:50:06]} 46. Ng5+ {[%clk 0:56:31]} Kg6
{[%clk 0:50:12]} 47. Ne4 {[%clk 0:56:52]} d5 {[%clk 0:50:22]} 48. Nc3
{[%clk 0:57:11]} Bc4 {[%clk 0:50:40]} 49. Kd2 {[%clk 0:56:48]} Kg5
{[%clk 0:50:28]} 50. Ke1 {[%clk 0:56:12]} Kxg4 {[%clk 0:50:41]} 51. Kf2 0-1

[Event "Wolrd Chess Olympiad 2018"]
[Site "Batumi"]
[Date "2018.09.24"]
[Round "1"]
[Board "3"]
[WhiteFideId "31000118"]
[White "Orio Rogelio L."]
[BlackFideId "4801849"]
[Black "Abdulwahhab Ahmed Abdulsattar A"]
[Result "0-1"]
[LiveChessVersion "1.4.8"]
[BlackElo "2271"]
[WhiteElo "1793"]

1. d4 {[%clk 1:26:50]} Nf6 {[%clk 1:30:46]} 2. Bf4 {[%clk 1:27:08]} g6
{[%clk 1:29:50]} 3. e3 {[%clk 1:27:29]} Bg7 {[%clk 1:30:04]} 4. c3
{[%clk 1:27:47]} O-O {[%clk 1:29:41]} 5. Nd2 {[%clk 1:27:25]} d6 {[%clk 1:29:39]}
6. Ngf3 {[%clk 1:27:18]} Nbd7 {[%clk 1:29:43]} 7. h3 {[%clk 1:22:58]} b6
{[%clk 1:27:23]} 8. Bd3 {[%clk 1:20:36]} Bb7 {[%clk 1:27:36]} 9. e4
{[%clk 1:19:22]} e5 {[%clk 1:26:07]} 10. Bg5 {[%clk 1:18:56]} h6 {[%clk 1:24:27]}
11. Be3 {[%clk 1:18:14]} d5 {[%clk 1:16:05]} 12. Qc2 {[%clk 1:14:59]} exd4
{[%clk 1:07:22]} 13. cxd4 {[%clk 1:14:10]} dxe4 {[%clk 1:07:20]} 14. Nxe4
{[%clk 1:14:06]} Nd5 {[%clk 1:04:47]} 15. O-O {[%clk 1:05:57]} Nb4
{[%clk 0:53:40]} 16. Qb3 {[%clk 1:02:36]} Nxd3 {[%clk 0:49:03]} 17. Qxd3
{[%clk 1:02:52]} Re8 {[%clk 0:48:25]} 18. Ned2 {[%clk 0:59:50]} Nc5
{[%clk 0:48:02]} 19. Qc2 {[%clk 0:58:37]} Ne6 {[%clk 0:48:13]} 20. Rac1
{[%clk 0:56:03]} Qd5 {[%clk 0:44:31]} 21. Qc4 Qxc4 {[%clk 0:43:55]} 22. Rxc4
{[%clk 0:55:06]} Ba6 {[%clk 0:44:10]} 23. b3 {[%clk 0:54:43]} Rad8
{[%clk 0:44:06]} 24. Rd1 {[%clk 0:51:42]} Bxc4 {[%clk 0:42:54]} 25. Nxc4
{[%clk 0:51:58]} c5 {[%clk 0:40:17]} 26. d5 {[%clk 0:51:56]} Nd4 {[%clk 0:40:23]}
27. Nxd4 {[%clk 0:47:25]} cxd4 {[%clk 0:39:07]} 28. Bf4 {[%clk 0:44:11]} Rxd5
{[%clk 0:39:26]} 29. Rd3 {[%clk 0:44:23]} Re1+ {[%clk 0:39:00]} 30. Kh2
{[%clk 0:44:27]} Re2 {[%clk 0:39:04]} 31. Bd2 {[%clk 0:41:34]} Rxf2
{[%clk 0:38:57]} 32. Kg1 {[%clk 0:40:52]} Rdf5 {[%clk 0:38:50]} 33. a4
{[%clk 0:39:23]} Re2 {[%clk 0:38:43]} 34. Rf3 {[%clk 0:33:41]} Rxf3
{[%clk 0:38:44]} 35. gxf3 {[%clk 0:33:56]} d3 {[%clk 0:38:59]} 36. Be3
{[%clk 0:32:24]} Rxe3 {[%clk 0:39:04]} 37. Nxe3 {[%clk 0:32:12]} Bd4
{[%clk 0:39:24]} 38. Kf2 {[%clk 0:32:36]} d2 {[%clk 0:39:46]} 39. Ke2
{[%clk 0:32:23]} Bxe3 {[%clk 0:40:01]} 40. b4 {[%clk 1:02:13]} g5
{[%clk 1:10:16]} 41. b5 {[%clk 1:02:25]} f5 {[%clk 1:10:29]} 42. Kd1
{[%clk 1:02:38]} f4 {[%clk 1:10:48]} 43. Ke2 {[%clk 1:02:42]} Kf7
{[%clk 1:11:11]} 44. Kd1 {[%clk 1:02:47]} Ke6 {[%clk 1:11:33]} 45. Ke2
{[%clk 1:02:58]} Kd5 {[%clk 1:11:58]} 46. Kd1 {[%clk 1:00:37]} Kc4
{[%clk 1:08:35]} 47. Kc2 {[%clk 1:00:55]} Kb4 {[%clk 1:08:58]} 0-1

[Event "World Chess Olympiad 2018"]
[Site "Batumi"]
[Date "2018.09.24"]
[Round "1"]
[Board "1"]
[WhiteFideId "6900224"]
[White "De La Riva Aguado Oscar"]
[BlackFideId "10609431"]
[Black "Bongo Akanga Ndjila Barthelemy"]
[Result "1-0"]
[LiveChessVersion "1.4.8"]
[BlackElo "1765"]
[WhiteElo "2475"]

1. f4 {[%clk 1:30:48]} Nf6 {[%clk 1:29:45]} 2. Nf3 {[%clk 1:30:59]} c5
{[%clk 1:26:48]} 3. g3 {[%clk 1:31:09]} g6 {[%clk 1:25:26]} 4. Bg2
{[%clk 1:31:29]} Bg7 {[%clk 1:25:49]} 5. O-O {[%clk 1:31:31]} Nc6
{[%clk 1:25:44]} 6. d3 {[%clk 1:30:58]} d6 {[%clk 1:07:21]} 7. Nc3
{[%clk 1:20:22]} O-O {[%clk 1:05:09]} 8. e4 {[%clk 1:18:01]} Bg4 {[%clk 1:01:05]}
9. h3 {[%clk 1:17:03]} Bxf3 {[%clk 0:55:22]} 10. Bxf3 {[%clk 1:17:14]} Qd7 11. g4
{[%clk 1:10:41]} Nd4 {[%clk 0:44:46]} 12. Bg2 {[%clk 1:09:32]} Rab8
{[%clk 0:44:31]} 13. a4 {[%clk 0:58:04]} Ne8 {[%clk 0:33:23]} 14. Nd5
{[%clk 0:49:26]} e6 {[%clk 0:32:56]} 15. Ne3 {[%clk 0:49:51]} Nc6
{[%clk 0:12:48]} 16. c3 {[%clk 0:48:23]} Nc7 {[%clk 0:11:56]} 17. g5
{[%clk 0:37:45]} d5 {[%clk 0:11:50]} 18. Qc2 {[%clk 0:19:20]} d4 {[%clk 0:11:34]}
19. Ng4 {[%clk 0:19:12]} dxc3 {[%clk 0:11:51]} 20. bxc3 {[%clk 0:19:32]} Nb4
{[%clk 0:12:11]} 21. cxb4 {[%clk 0:07:35]} Bxa1 {[%clk 0:12:29]} 22. e5
{[%clk 0:07:59]} Bd4+ {[%clk 0:10:29]} 23. Kh2 {[%clk 0:08:22]} Qe7
{[%clk 0:09:24]} 24. bxc5 {[%clk 0:06:25]} Qxc5 {[%clk 0:09:12]} 25. Nf6+
{[%clk 0:06:06]} Kg7 {[%clk 0:08:37]} 26. Qxc5 {[%clk 0:05:19]} Bxc5
{[%clk 0:09:06]} 27. Nd7 {[%clk 0:05:43]} Be7 {[%clk 0:08:06]} 28. Be3
{[%clk 0:05:33]} b6 {[%clk 0:08:08]} 29. Rc1 {[%clk 0:05:05]} Na6
{[%clk 0:08:21]} 30. d4 {[%clk 0:04:51]} Rbc8 {[%clk 0:03:11]} 31. Nxf8
{[%clk 0:05:06]} Rxc1 {[%clk 0:03:36]} 32. Nxe6+ {[%clk 0:05:32]} fxe6
{[%clk 0:03:40]} 33. Bxc1 {[%clk 0:05:57]} Bb4 {[%clk 0:03:50]} 34. Kg3
{[%clk 0:05:54]} Nc7 {[%clk 0:03:56]} 35. Bc6 {[%clk 0:05:46]} Kf7
{[%clk 0:03:36]} 36. Kf3 {[%clk 0:05:56]} Nd5 {[%clk 0:02:34]} 37. Ke4
{[%clk 0:05:27]} Ne7 {[%clk 0:01:57]} 38. Bd7 {[%clk 0:03:37]} Nd5
{[%clk 0:02:02]} 39. Bc6 {[%clk 0:04:00]} Ne7 {[%clk 0:01:41]} 40. Bb7
{[%clk 0:03:26]} Nf5 {[%clk 0:00:37]} 41. d5 {[%clk 0:02:34]} Ng3+
{[%clk 0:26:09]} 42. Kd3 {[%clk 0:27:42]} Bc5 {[%clk 0:23:16]} 43. Bd2
{[%clk 0:25:23]} Nh5 {[%clk 0:18:05]} 44. Kc4 {[%clk 0:24:03]} Ke7
{[%clk 0:14:12]} 45. Bc8 {[%clk 0:18:45]} Ng7 {[%clk 0:04:39]} 46. Bc1
{[%clk 0:14:10]} exd5+ {[%clk 0:01:51]} 47. Kxd5 {[%clk 0:14:34]} Ne8
{[%clk 0:02:13]} 48. Ke4 {[%clk 0:11:59]} Kf7 {[%clk 0:01:51]} 49. f5
{[%clk 0:11:43]} gxf5+ {[%clk 0:01:16]} 50. Bxf5 {[%clk 0:12:05]} Kg8
{[%clk 0:01:26]} 51. h4 {[%clk 0:11:45]} Ng7 {[%clk 0:01:25]} 52. Bg4
{[%clk 0:12:06]} Ne8 {[%clk 0:01:18]} 53. h5 {[%clk 0:12:27]} Nc7
{[%clk 0:01:35]} 54. e6 {[%clk 0:11:52]} a6 {[%clk 0:01:50]} 55. Bf4
{[%clk 0:11:57]} Ne8 {[%clk 0:01:54]} 56. Kd5 {[%clk 0:12:19]} Be7
{[%clk 0:01:48]} 57. Kc6 {[%clk 0:12:29]} b5 {[%clk 0:01:48]} 58. axb5
{[%clk 0:12:16]} axb5 {[%clk 0:02:04]} 59. Kxb5 {[%clk 0:12:15]} Nd6+
{[%clk 0:01:41]} 60. Kc6 {[%clk 0:12:21]} Ne4 {[%clk 0:01:57]} 61. Kd7
{[%clk 0:12:21]} Kf8 {[%clk 0:01:52]} 62. Bf5 {[%clk 0:10:50]} Nxg5
{[%clk 0:02:04]} 63. Bxh7 {[%clk 0:11:02]} Bf6 {[%clk 0:00:55]} 64. Bc2
{[%clk 0:08:04]} Nf3 {[%clk 0:00:34]} 65. Bh6+ {[%clk 0:07:14]} 1-0

[Event "World Chess Olympiad 2018"]
[Site "Batumi"]
[Date "2018.09.24"]
[Round "1"]
[Board "1"]
[WhiteFideId "23800011"]
[White "Bailey Matthew"]
[BlackFideId "5500419"]
[Black "Amdouni Zoubaier"]
[Result "0-1"]
[LiveChessVersion "1.4.8"]
[BlackElo "2218"]
[WhiteElo "1060"]

1. e4 {[%clk 1:30:55]} c5 {[%clk 1:30:56]} 2. Nf3 {[%clk 1:31:07]} Nc6
{[%clk 1:31:22]} 3. Bb5 {[%clk 1:30:10]} e6 {[%clk 1:31:37]} 4. c3
{[%clk 1:29:07]} a6 {[%clk 1:30:32]} 5. Ba4 {[%clk 1:29:15]} c4 {[%clk 1:30:07]}
6. d4 {[%clk 1:28:14]} cxd3 {[%clk 1:30:32]} 7. Qxd3 {[%clk 1:27:56]} b5
{[%clk 1:30:05]} 8. Bc2 {[%clk 1:27:57]} Qc7 {[%clk 1:30:26]} 9. Be3
{[%clk 1:24:11]} Bb7 {[%clk 1:29:46]} 10. Nbd2 {[%clk 1:23:37]} Rc8
{[%clk 1:28:15]} 11. Rc1 {[%clk 1:18:11]} Nf6 {[%clk 1:27:49]} 12. h3
{[%clk 1:14:19]} Be7 {[%clk 1:23:16]} 13. O-O {[%clk 1:10:26]} O-O
{[%clk 1:20:45]} 14. Rfe1 {[%clk 1:08:10]} d6 {[%clk 1:13:27]} 15. Nf1
{[%clk 1:04:06]} Ne5 {[%clk 1:10:28]} 16. Nxe5 {[%clk 1:02:37]} Bxe4
{[%clk 1:05:19]} 17. Qe2 {[%clk 1:02:35]} dxe5 {[%clk 1:04:48]} 18. Bxe4
{[%clk 1:01:10]} Nxe4 {[%clk 1:05:12]} 19. Bb6 {[%clk 0:58:38]} Qxb6
{[%clk 1:04:07]} 20. Qxe4 {[%clk 0:58:58]} Rc5 {[%clk 0:53:25]} 21. Qe3
{[%clk 0:56:58]} Qc7 {[%clk 0:53:13]} 22. Ng3 {[%clk 0:56:45]} Rd5
{[%clk 0:51:14]} 23. Ne4 {[%clk 0:53:22]} f5 {[%clk 0:50:49]} 24. Nd2
{[%clk 0:52:45]} Qd8 {[%clk 0:47:29]} 25. Nf3 {[%clk 0:52:23]} e4
{[%clk 0:46:03]} 26. Nd4 {[%clk 0:52:19]} Bg5 {[%clk 0:45:56]} 27. f4
{[%clk 0:51:29]} exf3 {[%clk 0:46:12]} 28. Qxe6+ {[%clk 0:51:17]} Kh8
{[%clk 0:46:37]} 29. Rcd1 {[%clk 0:50:48]} Bh4 {[%clk 0:42:21]} 30. Re5
{[%clk 0:50:09]} Qg5 {[%clk 0:41:22]} 31. g4 {[%clk 0:49:28]} Qf4
{[%clk 0:41:19]} 32. Rxd5 {[%clk 0:48:09]} Qg3+ {[%clk 0:41:43]} 33. Kh1
{[%clk 0:48:07]} Qg2# {[%clk 0:42:04]} 0-1